Solow-Swanov model ekonomického rastu

Gespeichert in:
Bibliographische Detailangaben
1. Verfasser: Štofová, Lenka, 1989-
Format: Buchkapitel
Sprache:Slowakisch
Schlagworte:
Tags: Tag hinzufügen
Keine Tags, Fügen Sie das erste Tag hinzu!

MARC

LEADER 00000naa$a2200000$$$4500
001 0260806
005 20240502074133.1
041 0 |a slo 
044 |a SK 
245 1 0 |a Solow-Swanov model ekonomického rastu  |c Lenka Štofová 
500 |a abstrakt 
610 2 0 |a modely 
610 2 0 |a rast hospodársky 
610 2 0 |a pokrok technologický 
610 2 0 |a kapitál 
100 1 |a Štofová, Lenka, 1989-